Aasian maantiedettä kirjaimittain - S #1 - Statistics

Yleistilastot
  • Tätä visaa on pelattu 427 kertaa
  • Keskiarvotulos 11 / 20
Vastaustilastot
Vihje Vastaus % Oikein
Etelä-Korean pääkaupunki Soul
98%
Venäjän itäosien laaja ja harvaanasuttu alue Siperia
93%
Toinen Libanonin naapurimaista Syyria
90%
Muinainen kauppareitti Kiinan ja Euroopan välillä {Silkki}tie
88%
Purukumi on kielletty tässä kaupungissa Singapore
87%
Runsaista öljyvaroistaan tunnettu valtio Saudi-Arabia
83%
"Intian kyynel" Sri Lanka
82%
Thaimaan entinen nimi Siam
73%
Sen keskustassa on pilvenpiirtäjistä tunnettu Pudongin kauunginosa Shanghai
71%
Tällä suurella saarella elää orankeja Sumatra
64%
Ho Chí Minhin kaupungin entinen nimi Saigon
58%
Jemenin pääkaupunki Sanaa
57%
Hokkaidon suurin kaupunki Sapporo
46%
Aiemmin nimellä Celebes tunnettu Indonesian saari Sulawesi
36%
Israelin valuutta Sekeli
34%
Mausteisesta ruoasta tunnettu maakunta Kiinan lounaisosissa Sichuan
29%
Kaupunki juuri Hongkongin pohjoispuolella Shenzhen
23%
Lähellä Angkor Watia sijaitseva Kambodžan kaupunki Siem Reab
13%
Araljärveen virtaava Keski-Aasian toiseksi pisin joki Syrdarja
13%
Tiikereiden asuttama mangrovemetsäalue Bangladeshissa Sundarbans
7%
Ehtoja vastaavia visoja ei löytynyt
Tulosjakauma
Jokaisen tuloksen saaneiden osuus
Persentiili vastausten määrän mukaan
Tuloshistoriasi
Et ole pelannut tätä visaa